000 00776nam a2200265Ia 4500
003 OSt
005 20221006153403.0
006 a|||||r|||| 00| 0
007 ta
008 221006b |||||||| |||| 00| 0 eng d
020 _c¥10,500
024 _a32,192
037 _bGift, Japan Foundation
_cTextual
040 _aEASL
_cEASL
_beng
041 _2eng
_aeng
082 _aY:1v42.K00, N9
100 _aHUDSON Mark J
_9663672
245 0 _aRuins of identity
_b Ethnogenesis in the Japanese islands
260 _aHonolulu
_bUniversity of Hawaii Press
_c1999
300 _a323p.
_ccm.
490 _v JEL
650 _aEthnology-Japan
_9650418
942 _hY:1v42.K00, N9
_cTEXL
_2CC
999 _c1100278
_d1100278